000 00355 a2200157 4500
001 71335
020 _a8528103153
040 _cAnchieta - Colégio São Paulo
100 _aRocha, Ruth
240 1 0 _aHistorinhas malcriadas
_lpor
245 1 0 _aHistorinhas malcriadas
300 _a[25]
362 0 _a1999
650 4 _aLiteratura infantil
942 _cBK
999 _c71335
_d71335